ARRUPE JESUIT UNIVERSITY

CORONAVIRUS -STOP THE SPREAD - CLEAN,DISINFECT,COVER

Reconciliation : (Record no. 120594)

MARC details
000 -LEADER
fixed length control field 01208cam a2200337 a 4500
001 - CONTROL NUMBER
control field 13352615
003 - CONTROL NUMBER IDENTIFIER
control field ARRUPE
005 - DATE AND TIME OF LATEST TRANSACTION
control field 20140602134132.0
008 - FIXED-LENGTH DATA ELEMENTS--GENERAL INFORMATION
fixed length control field 030925s2002 mnu b 001 0 eng d
010 ## - LIBRARY OF CONGRESS CONTROL NUMBER
LC control number 2003277486
020 ## - INTERNATIONAL STANDARD BOOK NUMBER
International Standard Book Number 0800636007
035 ## - SYSTEM CONTROL NUMBER
System control number (OCoLC)ocm51340511
040 ## - CATALOGING SOURCE
Original cataloging agency JYH
Transcribing agency JYH
Modifying agency ONU
-- DAY
-- DLC
042 ## - AUTHENTICATION CODE
Authentication code lccopycat
043 ## - GEOGRAPHIC AREA CODE
Geographic area code f-sa---
050 00 - LIBRARY OF CONGRESS CALL NUMBER
Classification number BT738.27
Item number .D4 2002
082 00 - DEWEY DECIMAL CLASSIFICATION NUMBER
Classification number 261.8/0968
Edition number 22
300 ## - PHYSICAL DESCRIPTION
Dimensions 22 cm.
100 1# - MAIN ENTRY--PERSONAL NAME
Personal name De Gruchy, John W.
9 (RLIN) 10527
245 10 - TITLE STATEMENT
Title Reconciliation :
Remainder of title restoring justice /
Statement of responsibility, etc John W. de Gruchy.
260 ## - PUBLICATION, DISTRIBUTION, ETC. (IMPRINT)
Place of publication, distribution, etc Minneapolis :
Name of publisher, distributor, etc Fortress Press,
Date of publication, distribution, etc c2002.
300 ## - PHYSICAL DESCRIPTION
Extent viii, 255 p. ;
504 ## - BIBLIOGRAPHY, ETC. NOTE
Bibliography, etc Includes bibliographical references (p. [240]-242) and index.
610 10 - SUBJECT ADDED ENTRY--CORPORATE NAME
Corporate name or jurisdiction name as entry element South Africa.
Subordinate unit Truth and Reconciliation Commission.
9 (RLIN) 10528
650 #0 - SUBJECT ADDED ENTRY--TOPICAL TERM
Topical term or geographic name as entry element Reconciliation
General subdivision Religious aspects
-- Christianity.
9 (RLIN) 10529
650 #0 - SUBJECT ADDED ENTRY--TOPICAL TERM
Topical term or geographic name as entry element Apartheid
General subdivision Religious aspects
-- Christianity.
9 (RLIN) 10530
650 #0 - SUBJECT ADDED ENTRY--TOPICAL TERM
Topical term or geographic name as entry element Human rights
Geographic subdivision South Africa.
9 (RLIN) 10531
651 #0 - SUBJECT ADDED ENTRY--GEOGRAPHIC NAME
Geographic name South Africa
General subdivision Church history.
9 (RLIN) 10532
906 ## - LOCAL DATA ELEMENT F, LDF (RLIN)
a 7
b cbc
c copycat
d 2
e ncip
f 20
g y-gencatlg
942 ## - ADDED ENTRY ELEMENTS (KOHA)
Source of classification or shelving scheme Library of Congress Classification
Koha item type Monograph ( Printed materials)
Holdings
Withdrawn status Lost status Source of classification or shelving scheme Damaged status Not for loan Collection code Home library Current library Shelving location Date acquired Total Checkouts Full call number Barcode Date last seen Date checked out Price effective from Koha item type
    Library of Congress Classification     Main Collection ARRUPE LIBRARY ARRUPE LIBRARY Main Collection 02/06/2014 3 BT738.27 .D4 2002 46500001517 20/11/2019 13/11/2019 02/06/2014 Monograph ( Printed materials)

 

Arrupe Library. PO Box MP320 Mt Pleasant, Harare, Zimbabwe
263 242 745411|librarian@aju.ac.zw